Statistics for Least Receptive Countries To Immigrants

Click here to take the quiz!

General Stats

  • This quiz has been taken 43 times
  • The average score is 32 of 50

Answer Stats

ScoreCountry% Correct
2.72Russia
97%
4.90China
86%
4.86Japan
86%
2.42Ukraine
86%
3.34Belarus
84%
1.63Hungary
81%
3.92Iran
78%
3.31Turkey
78%
1.83Czech Republic
76%
4.82India
76%
2.47Pakistan
76%
2.04Slovakia
76%
3.38Greece
73%
3.65Moldova
73%
4.28Azerbaijan
70%
3.06Croatia
70%
4.17Kazakhstan
70%
2.60Poland
70%
2.96Romania
70%
4.36Slovenia
70%
3.05Turkmenistan
70%
2.51Afghanistan
68%
2.26Bulgaria
68%
2.69Estonia
68%
2.39Latvia
68%
3.89Lebanon
68%
2.37Lithuania
68%
4.75Uzbekistan
68%
1.87Israel
65%
1.80Montenegro
65%
3.42Vietnam
65%
2.71Bosnia and Herzegovina
62%
3.50Egypt
62%
2.99Mongolia
62%
1.69Serbia
62%
2.93Thailand
62%
3.80Cambodia
59%
4.42Kyrgyzstan
59%
3.90Laos
59%
1.47North Macedonia
59%
4.34Tajikistan
59%
3.27Georgia
57%
3.91Indonesia
57%
3.95Kosovo
54%
2.99Myanmar
54%
4.39Guatemala
22%
4.85Colombia
19%
4.53Ecuador
19%
4.66Nicaragua
19%
4.59Tanzania
8%

Score Distribution

Percentile by Number Answered

Percent of People with Each Score

Your Score History

You have not taken this quiz